| 000 | 00532nam a22002057a 4500 | ||
|---|---|---|---|
| 999 |
_c7671 _d7671 |
||
| 001 | 7671 | ||
| 003 | BD-JhCC | ||
| 005 | 20181003172436.0 | ||
| 008 | 180213b1986 bg ||||| |||| 00| 0 ben d | ||
| 035 | _a(BD-JhCC)7671 | ||
| 040 |
_aBD-JhCC _dBD-JhCC |
||
| 041 | _aben | ||
| 082 |
_a001 _bMEH 1986 |
||
| 100 | _a মেহরা, দাউল | ||
| 245 |
_aকুড়ানো মানিক / _cদাউল মেহরা |
||
| 300 |
_a125 p. : _c22 cm. |
||
| 650 | _aGeneral knowledge | ||
| 942 |
_2ddc _cBK |
||